Statistiques concernant Harry Potter: les Norvégiens à Crêtes

Cliquez ici pour prendre le quiz!

Statistiques générales

  • Ce quiz a été pris 28 fois
    (23 depuis la dernière actualisation)
  • Le résultat moyen est 5 sur 6

Statistiques - réponses

InformationRéponses% Correct
EspèceDragon
95%
Première apparitionHarry Potter à l'école des sorciers
90%
Dernière apparitionHarry Potter et les Reliques de la Mort
90%
Norvégien à Crête connuNorbert
85%
StatutAnimal
80%
Pays d'origineNorvège
75%

Distribution des résultats

Percentile par nombre de réponses

% des personnes avec chaque résultat

Votre développement - résultats

Vous n’avez pas pris ce quiz depuis la dernière actualisation